Coldest Countries in October - Statistics

General Stats
  • This quiz has been taken 19 times
  • The average score is 17 of 20
Answer Stats
Temperature Country % Correct
- 1.9 °C Canada
100%
1.5 °C Mongolia
100%
- 2.5 °C Russia
100%
6.7 °C Estonia
94%
2.7 °C Finland
94%
2.1 °C Iceland
94%
7 °C Latvia
94%
7.3 °C Lithuania
94%
3.6 °C Sweden
94%
7.1 °C Belarus
88%
7.9 °C Kazakhstan
88%
2.9 °C Norway
88%
4 °C Kyrgyzstan
82%
8.1 °C Austria
76%
3.7 °C Tajikistan
76%
6.9 °C Bhutan
71%
8.7 °C China
71%
7.7 °C Switzerland
71%
8.1 °C Liechtenstein
65%
8.5 °C Czech Republic
53%
No matching quizzes found
Score Distribution
Percent of People with Each Score
Percentile by Number Answered
Your Score History
You have not taken this quiz